000 00435nam a2200181Ia 4500
001 2769
005 20260306144831.0
008 260306t2010||||xx |||||||||||||| ||spa||
041 _aESP
082 _a227
_bD286
100 _aDupont-Roc, Roselyne
_eAUT
245 0 _aSan Pablo:
_b¿una teología de la Iglesia?
260 _c2010
300 _a82 páginas :
_c19 cm.
650 _aGEN
654 _aCHU
942 _cLIB
_dJUS
_fJUS
_2ddc
_n
999 _c2769
_d2769